Obtención y almacenamiento de semillas forestales

Gorde:
Xehetasun bibliografikoak
Egile nagusia: Salas Zúñiga, José Luis
Formatua: Texto
Argitaratua: San José :
Etiketak: Etiketa erantsi
Etiketarik gabe, Izan zaitez lehena erregistro honi etiketa jartzen!

MARC

LEADER 00000 a a2200000 04500
001 15905
003
040
090 |a 015100  
100 |a Salas Zúñiga, José Luis  
245 |a Obtención y almacenamiento de semillas forestales  
260 |a San José :  
300 |a 3 p.  
999 |c 7999  |d 7999